Statistiques concernant Pokémon-Points communs

Cliquez ici pour prendre le quiz!

Statistiques générales

  • Ce quiz a été pris 49 fois
    (42 depuis la dernière actualisation)
  • Le résultat moyen est 20 sur 30

Statistiques - réponses

HintRéponse% Correct
Marc, Iris, DianthéaCe sont des Maîtres de Ligue
80%
Flash, Escalade, Anti-BrumeElles ont été des CS
80%
Tour Lavanville, Mont Mémoria, Tour des CieuxCe sont des cimetières
76%
Celebi, Shaymin, VictiniCe sont des Pokémon fabuleux
76%
Hoenn, Alola, PaldeaCe sont des régions
76%
Ramoloss, Coquiperl, ChenitiIls ont plusieurs choix d'Evolutions possibles
76%
Magmariseur, Pierre Eclat, Roche RoyaleIls permettent l'Evolution
76%
Kraknoix, Hippodocus, BourrinosIls sont de type Sol
76%
Keteleeria, Euphorbe, SonyaCe sont des Professeurs Pokémon
72%
Gobou, Brindibou, ChochodileCe sont des Starters
72%
Bonaugure, Pavonnay, PaddoxtonCe sont des villes de départ
68%
Bastien, AmanaIls aiment le surf
68%
Nidoqueen, Tauros, EcremeuhIls n'ont qu'un sexe possible
68%
Roucarnage, Kangourex, PtéraIls peuvent Méga-Evoluer
68%
Max, Hélio, GuzmaCe sont des Chefs de Team
64%
Kelvin, Saturne, XanthinCe sont des membres de Team
64%
Mauville,Ogoesse,NeuvartaultElles possèdent une 1ere Arène
64%
Lugia, Reshiram, MiraidonIls apparaissent sur un jaquette de jeu
64%
Onix, Ouvrifier, EscargaumeIls évoluent par échange
64%
Olga, Aragon, KunzIls font partie d'un Conseil 4
64%
Sandra, Watson, DracénaIls utilisent le type Dragon
64%
Timmy, Tierno, GladioCe sont des Rivaux
60%
Céladopole, Doublonville,VoilarocElles ont un centre commercial
60%
Ectoplasma, Rayquaza, LucarioIls ont été dans le top 10 des Pokémon les plus appréciés
60%
M.Rochard, Lysandre, ShehrozCe sont des patrons d'entreprise
56%
Nénucrique, Vestigion,IllumisElles abritent le repaire d'une Team
56%
Koga, Zhu, DhilanIls ont démissionné de leur poste de Champion d'Arène
56%
Skitty, Négapi, CoupenotteIls ont été Pokémon partenaires dans au moins un jeu Pokémon
56%
Nosferalfo, Lokhlass, DracolosseIls font partie d'une équipe d'un membre du Conseil 4 de 1G
52%
Pierre, Roxanne, AloéIls aiment les fossiles
44%

Distribution des résultats

Percentile par nombre de réponses

% des personnes avec chaque résultat

Votre développement - résultats

Vous n’avez pas pris ce quiz depuis la dernière actualisation